000 00621nam a2200241Ia 4500
003 OSt
005 20221005115258.0
006 a|||||r|||| 00| 0
007 ta
008 221004b |||||||| |||| 00| 0 eng d
024 _a62016
037 _cTextual
040 _aCRL
_cCRL
_beng
041 _2eng
_aeng
082 _aV2:73:D1, E4.1-;1
110 _aPanjab Museum (Lahore)
_9627346
245 0 _aCatalogue of coins by R B Whitehead
260 _c1914
650 _aHISTORY
700 _aPanjab Museum (Lahore)
_9627347
942 _hV2:73:D1, E4.1-;1
_cTEXL
_2cc
999 _c1033986
_d1033986